LIBRARY & INFORMATION CENTRE, KCAET, TAVANUR

ONLINE PUBLIC ACCESS CATALOGUE (OPAC)

Theory of machines / (Record no. 101)

MARC details
000 -LEADER
fixed length control field 00490cam a2200217ua 4500
041 ## - LANGUAGE CODE
Language code of text/sound track or separate title eng
082 ## - DEWEY DECIMAL CLASSIFICATION NUMBER
Classification number 621.801
Item number RAO/TH
100 ## - MAIN ENTRY--AUTHOR NAME
Personal name Rao, A.C.
245 ## - TITLE STATEMENT
Title Theory of machines /
250 ## - EDITION STATEMENT
Edition statement 1 /
260 ## - PUBLICATION, DISTRIBUTION, ETC. (IMPRINT)
Place of publication Allahabad :
Name of publisher Saroj Prakashan ,
Year of publication 1983.
300 ## - PHYSICAL DESCRIPTION
Number of Pages 544 ; .
700 1# - ADDED ENTRY--PERSONAL NAME
Personal name Guptha, J K.
942 ## - ADDED ENTRY ELEMENTS (KOHA)
Koha item type Books
003 - CONTROL NUMBER IDENTIFIER
control field @
003 - CONTROL NUMBER IDENTIFIER
control field OSt
Holdings
Withdrawn status Lost status Damaged status Home library Current library Date acquired Full call number Accession Number Koha item type
      KAUAET KAUAET 07/04/2012 621.801 17611 Books
free website counter